| 000 | 00797nam a22002417a 4500 | ||
|---|---|---|---|
| 999 |
_c14838 _d14838 |
||
| 003 | AR-CdUCM | ||
| 008 | 190424b ||||| |||| 00| 0 spa d | ||
| 020 | _a978-958-30-1280-8 | ||
| 040 |
_aMUNICIPALIDAD PROVINCIAL DEL CUSCO _cBIBLIOTECA MUNICIPAL DEL CUSCO |
||
| 082 |
_aEP / 800 / _bR74 |
||
| 100 |
_aRodríguez, Antonio Orlando _933766 |
||
| 245 | _aLa isla viajera / | ||
| 260 |
_aBogota : _bPanamericana, _c2013. |
||
| 300 |
_a43 páginas ; _bilustraciones, _c23 cm. |
||
| 440 |
_aSueños de papel. _933767 |
||
| 650 |
_aLiteratura infantil _9588 |
||
| 650 |
_aAprendizaje infantil _933271 |
||
| 650 |
_aSiglo XXI _92856 |
||
| 700 |
_aFonseca Leal,Mireya (edición) _933768 |
||
| 700 |
_aLondoño, Ana María (ilustraciones) _933769 |
||
| 942 |
_2ddc _cLIBROS |
||
| 945 |
_aachl _d2019-04-24 |
||